00510nam a2200181Ia 4500008004100000020001800041082001800059100002500077245001900102250000600121260003000127300001000157500002400167650001500191942000700206952009800213999001700311230524s9999 xx 000 0 und d a9788188337613 a621.3192bMAH aA.K.Mahapatra942081 0aNetwork Theory a1 aBostonbNew Age Pubc2009 a938p; aQuantity Number: 1 aElectrical cBK 00104070aTATCLbTATCLcGENd2023-05-24l0o621.3192 MAHp53915r2023-05-24w2023-05-24yBK c56488d56488